[Event "Krakow op-A"]
[Site "Krakow"]
[Date "1999.??.??"]
[Round "?"]
[White "Sutor, Marek"]
[Black "Mikrut, Dariusz"]
[Result "1/2-1/2"]
[WhiteElo "2180"]
[BlackElo "2270"]
[PlyCount "116"]
[EventDate "1999.??.??"]
[EventType "swiss"]
[EventRounds "11"]
[EventCountry "POL"]
[SourceTitle "EXT 2002"]
[Source "ChessBase"]
[SourceDate "2001.11.25"]
[SourceVersion "1"]
[SourceVersionDate "2001.11.25"]
[SourceQuality "1"]

1. e4 c5 2. Nf3 d6 3. d4 cxd4 4. Nxd4 Nf6 5. Nc3 g6 6. g3 Nc6 7. Nde2 Bg7 8. Bg2 h5 9. h3 Bd7 10. Bg5 Qc8 11. Qc1 Rb8 12. a4 Nb4 13. Qd2 0-0 14. Rc1 Re8 15. Be3 b6 16. Kf1 Bc6 17. Nf4 Qb7 18. Nfd5 Nbxd5 19. exd5 Bxa4 20. Nxa4 Qa6+ 21. Kg1 Qxa4 22. c3 Rbc8 23. Kh2 Qd7 24. Ra1 Qb7 25. Rhd1 Nd7 26. Bf1 Ne5 27. Ba6 Qxa6 28. Rxa6 Nf3+ 29. Kg2 Nxd2 30. Bxd2 Rc5 31. Be3 Rb5 32. Rd2 Ra8 33. Kf3 Ra5 34. Rxa5 bxa5 35. Ke4 a4 36. Kd3 a6 37. Rd1 a3 38. b3 Rb8 39. Kc2 a2 40. Ra1 Rc8 41. Bd2 Rc5 42. Rxa2 Rxd5 43. Rxa6 f5 44. b4 Kf7 45. Ra5 Ke6 46. Be3 Rxa5 47. bxa5 Kd5 48. c4+ Kc6 49. a6 Bf6 50. f3 Be5 51. g4 Bg3 52. a7 Kb7 53. c5 dxc5 54. Bxc5 hxg4 55. hxg4 e5 56. Kd3 e4+ 57. fxe4 fxg4 58. Ke2 Be5 1/2-1/2

[Event "POL-chT 2nd League South"]
[Site "Wisla"]
[Date "1998.??.??"]
[Round "?"]
[White "Sutor, Marek"]
[Black "Stefanek, Piotr"]
[Result "0-1"]
[WhiteElo "2195"]
[BlackElo "2215"]
[PlyCount "94"]
[EventDate "1998.11.20"]
[EventType "team-swiss"]
[EventRounds "10"]
[EventCountry "POL"]
[SourceTitle "EXT 2000"]
[Source "ChessBase"]
[SourceDate "1999.11.16"]
[SourceVersion "1"]
[SourceVersionDate "1999.11.16"]
[SourceQuality "1"]

1. e4 c5 2. Nf3 Nc6 3. d4 cxd4 4. Nxd4 e5 5. Nb5 d6 6. N1c3 a6 7. Na3 b5 8. Nd5 Nce7 9. Bg5 h6 10. Bxb5+ axb5 11. Nxb5 Ra7 12. Nxa7 Qa5+ 13. Qd2 Qxa7 14. Be3 Qb7 15. Nb6 Be6 16. 0-0 Nf6 17. f3 d5 18. c3 dxe4 19. a4 Ned5 20. a5 Nxe3 21. Qxe3 Be7 22. b4 exf3 23. gxf3 e4 24. a6 Qa7 25. Nd5 Qxe3+ 26. Nxe3 Kd7 27. Rfd1+ Kc6 28. Kf2 Ra8 29. Rdb1 Kb6 30. b5 Bc5 31. Ke2 exf3+ 32. Kxf3 g5 33. Ra4 g4+ 34. Ke2 Rd8 35. a7 Kb7 36. Rba1 Ra8 37. Nc4 Rxa7 38. Rxa7+ Bxa7 39. Nd2 h5 40. c4 h4 41. Ra3 Nd7 42. Kd3 g3 43. hxg3 hxg3 44. Ke2 g2 45. Rxa7+ Kxa7 46. Kf2 Ne5 47. c5 Bd5 0-1

[Event "Krakow festival 7th"]
[Site "Krakow"]
[Date "1996.??.??"]
[Round "7"]
[White "Sutor, Marek"]
[Black "Richter, Michael"]
[Result "1/2-1/2"]
[WhiteElo "2205"]
[BlackElo "2210"]
[PlyCount "110"]
[EventDate "1996.??.??"]
[EventType "swiss"]
[EventRounds "9"]
[EventCountry "POL"]
[SourceTitle "EXT 2001"]
[Source "ChessBase"]
[SourceDate "2000.11.22"]
[SourceVersion "1"]
[SourceVersionDate "2000.11.22"]
[SourceQuality "1"]

1. e4 c5 2. Nf3 Nc6 3. Nc3 Nf6 4. d4 cxd4 5. Nxd4 e5 6. Ndb5 d6 7. Bg5 a6 8. Bxf6 gxf6 9. Na3 b5 10. Nd5 Bg7 11. c3 f5 12. g3 0-0 13. exf5 Bxf5 14. Bg2 Rb8 15. Nc2 Be6 16. 0-0 f5 17. a4 bxa4 18. Rxa4 a5 19. Nce3 Kh8 20. Qe2 Qd7 21. Rfa1 Rfc8 22. Nc4 e4 23. Ndb6 Bxc4 24. Nxc4 d5 25. Ne3 d4 26. cxd4 Nxd4 27. Qh5 Nb3 28. Bh3 Qe8 29. Qxe8+ Rxe8 30. Rd1 f4 31. gxf4 Bxb2 32. Bf5 Bc3 33. Rd7 Rg8+ 34. Kf1 Rg7 35. Rxg7 Kxg7 36. Bxe4 Rb4 37. Rxb4 Bxb4 38. Ke2 Nc5 39. Bd5 Nd7 40. Nc4 Kf6 41. Be4 h6 42. Bc2 Nc5 43. Nb6 Ne6 44. Nd5+ Kf7 45. Kd3 Bd6 46. Ke4 a4 47. Bb1 a3 48. Ba2 Kf8 49. h4 Nc5+ 50. Ke3 Na6 51. Bc4 Nb4 52. Nc3 Bc5+ 53. Kf3 Bd4 54. Na2 Nxa2 55. Bxa2 Kg7 1/2-1/2

[Event "Krakow festival 7th"]
[Site "Krakow"]
[Date "1996.??.??"]
[Round "5"]
[White "Sutor, Marek"]
[Black "Spisak, Czeslaw"]
[Result "0-1"]
[WhiteElo "2205"]
[BlackElo "2325"]
[PlyCount "81"]
[EventDate "1996.??.??"]
[EventType "swiss"]
[EventRounds "9"]
[EventCountry "POL"]
[SourceTitle "EXT 2001"]
[Source "ChessBase"]
[SourceDate "2000.11.22"]
[SourceVersion "1"]
[SourceVersionDate "2000.11.22"]
[SourceQuality "1"]

1. e4 c5 2. Nf3 d6 3. d4 cxd4 4. Nxd4 Nf6 5. Nc3 a6 6. Be2 e6 7. 0-0 Nbd7 8. a4 b6 9. f4 Bb7 10. Bf3 Qc7 11. Qe1 h6 12. Kh1 Rc8 13. e5 Bxf3 14. Nxf3 dxe5 15. fxe5 Ng4 16. Qg3 h5 17. Bf4 g6 18. Rad1 Qb7 19. Ng5 Nh6 20. Nxf7 Nxf7 21. Qxg6 Be7 22. Bg3 Rf8 23. Ne4 Rxc2 24. Qxe6 Qc6 25. Qh3 Nfxe5 26. Rfe1 Qg6 27. Bxe5 Nxe5 28. Nd6+ Bxd6 29. Rxe5+ Kd8 30. Red5 Kc7 31. Rxh5 Rg8 32. Rh7+ Rg7 33. Rh6 Qxg2+ 34. Qxg2 Rgxg2 35. Rhxd6 Rxh2+ 36. Kg1 Rcg2+ 37. Kf1 Rxb2 38. Kg1 a5 39. Rg6 Rh4 40. Ra1 Kb7 41. Rg7+ 0-1